LEADER 00938nas a2200229 i 4500 001 000000161930 003 CaOOAMICUS 005 20070611000000.0 008 070601b2006 it uu u0 0ita r 013 $a139294 040 $aSeMil$bita 245 13$aIl Mediterraneo ; Il bene comune ; Rimotivare alla politica. 260 $aMilano :$bCentro Sociale Ambrosiano,$c2006 (stampa 2007) 300 $a238 p. ;$c21 cm. 500 $aTitoli principali dalla copertina. 773 0 $tOrientamenti.$dMilano : Centro Sociale Ambrosiano, 1978-2006.$w()2569 774 0 $t[vedi periodico].$w()266570 850 $aSeMil 852 $aSeMil$W1$xVenegono$y1$m235 3 122$j113307$B113307$CSeMilBibl$Z2$F124122 $85 961 $aCambio: Scuola Cattolica 996 $6245$aIl Mediterraneo ; Il bene comune ; Rimotivare alla politica$9(OLS)http://semarc/title/145335 996 $6260$aMilano :$bCentro Sociale Ambrosiano$9(OLS)http://semarc/publisher/30800 LEADER 01311nam a2200313 i 4500 001 000000127357 003 CaOOAMICUS 005 20040611000000.0 008 040611s1988 it u000 u ita u 013 $a100067 020 $a88-16-40219-9 040 $aSeMil$bita 100 1 $aAllègre, Claude.$0(OLS)http://semarc/name/52973 240 14$aLes fureurs de la terre.$0(OLS)http://semarc/title/187960 245 12$aI furori della terra /$cClaude Allègre. 260 $aMilano :$bJaca Book,$c1988. 300 $a189 p. ;$c23 cm. 490 0 $aDi fronte e attraverso ;$v219 490 0 $aDi fronte e attraverso. L'evoluzione dell'universo 500 $aContiene : Fonti delle illustrazioni ; Appendici. 650 4$aSismologia.$0(OLS)http://semarc/subject/6244 830 0$aDi fronte e attraverso ;$v219.$0(OLS)http://semarc/title/6486 830 0$aDi fronte e attraverso. L'evoluzione dell'universo.$0(OLS)http://semarc/title/10300 850 $aSeMil 852 $aSeMil$W1$xVenegono$y1$m3X IV 57$j81668$B81668$CSeMilBibl$Z2$F83878 $81 961 $aRecupero: Seminario di Seveso 996 $6020$a88-16-40219-9$9(OLS)http://semarc/number/113784 996 $6245$aI furori della terra$9(OLS)http://semarc/title/187959 996 $6260$aMilano :$bJaca Book$9(OLS)http://semarc/publisher/29781